Etická výchova na 1. stupni ZŠ

Bibliographic Details
Main Author: Matúšková, Renáta, 1968- (Author)
Format: Article
Language:Slovak
Subjects:

MARC

LEADER 00000nab a2200000 a 4500
001 vtls009493944
003 SK-MaSNL
005 20260304153408.0
008 250506c20082009xo mr|p|||an |000 b|slo
015 |a SNBRB2009/04 
035 |a (uuid)336b49e0-b5a1-4ab7-99a3-5e245d402afe 
035 |a urn:nbn:sk:snk-ab2gzx 
035 |a (urnnbn)urn:nbn:sk:snk:ar-a02etw 
038 |a SPK 
040 |a SNKBUCL  |b slo  |c SNKBUCL  |e AACR2 
041 0 |a slo  |b slo 
044 |a xo  |c SK 
072 7 |a 37  |x Výchova a vzdelávanie  |2 konspekt 
072 7 |a 373.2/.3  |x Predškolská a primárna výchova a vzdelávanie  |2 konspekt 
080 |a 372.817  |2 1997 
080 |a 373.32  |2 1997 
100 1 |a Matúšková, Renáta,  |d 1968-  |4 aut  |9 204729 
245 1 0 |a Etická výchova na 1. stupni ZŠ  |c Renáta Matúšková 
504 |a Bibliogr. odkazy 
546 |a Res. slov. 
650 0 7 |a etická výchova  |2 snkbucl  |9 4075 
650 0 7 |a základné školy  |2 snkbucl  |9 1280 
650 0 7 |a stpeň prvý  |2 snkbucl  |9 1476721 
773 0 |t Naša škola  |g Roč. 12., č. 7-8(2008/2009), s. 22-25 
850 |a Slovenská národná knižnica 
852 |a Slovenská národná knižnica 
954 |a odborná, vedecká literatúra pôvodná (slovenská)  |2 lita 
958 |a article27 
958 |a NB  |2 spk 
958 |a OND 
958 |a EUIPO 
999 |c 2953521  |d 2955451